00946nam a22001697a 450000500170000000800410001705000350005810000270009324501490012026000340026930000200030350000410032365001860036494200130055099900190056395201940058220250829094931.0250829b |||||||| |||| 00| 0 eng d aTHE BV 652.9 .K4 M83 2005bC.1 aMaina, Waiganjo Mwangi aFactors Influencing Performance of Volunteers in Church Organizations: A Case of Selected Protestant Church Organizations in Nakuru Municipality aKisiibKisii Universityc2005 axiii, 60p.:ill. aIncludes bibliographical references  a1. Voluntarism—Kenya—Nakuru Municipality. 2. Church work—Kenya—Protestant churches. 3. Protestant churches—Kenya—Administration. 4. Christianity and social work—Kenya. 2lcccREF c216051d216051 00102lcc406THE B V 00652.00009 .K00004 M00083 02005708SC9372901aKSULbKSULd2025-08-29i109461l0oTHE BV 652.9 .K4 M83 2005p000000024757r2025-08-29 09:51:53tC.1w2025-08-29yREF